[Event "18 Torneo San Viator"]
[Site "Madrid ESP"]
[Date "2012.05.20"]
[Round "7.17"]
[White "Rodriguez Varela, Alvaro"]
[Black "Ruiz Escobar, Israel"]
[Result "1-0"]
[WhiteElo "1751"]
[BlackElo "1821"]
[PlyCount "47"]
[EventDate "2012.03.25"]
[EventType "swiss"]
[EventRounds "9"]
[EventCountry "ESP"]
[Source "lmi"]
[SourceDate "2012.03.25"]

1. e4 d5 2. exd5 Nf6 3. d4 Nxd5 4. c4 Nb4 5. Qa4+ N8c6 6. d5 Bf5 7. Na3 Nxd5 8.
cxd5 Qxd5 9. Be3 e6 10. Nf3 O-O-O 11. Nb5 Bb4+ 12. Nc3 Qe4 13. Bb5 Nd4 14. Nxd4
Rxd4 15. O-O Bxc3 16. Qxa7 c6 17. bxc3 Rd5 18. Bxc6 bxc6 19. Qa8+ Kc7 20. Qxh8
Bh3 21. Qxg7 Bf5 22. Qxf7+ Rd7 23. Bb6+ Kxb6 24. Qxd7 1-0

[Event "18 Torneo San Viator"]
[Site "Madrid ESP"]
[Date "2012.05.20"]
[Round "7.18"]
[White "Herreros Ruiz, Jorge Alejandro"]
[Black "Gutierrez Sanchez, Fernando"]
[Result "0-1"]
[WhiteElo "1460"]
[BlackElo "1929"]
[PlyCount "90"]
[EventDate "2012.03.25"]
[EventType "swiss"]
[EventRounds "9"]
[EventCountry "ESP"]
[Source "lmi"]
[SourceDate "2012.03.25"]

1. d4 Nf6 2. c4 c5 3. Nf3 cxd4 4. Nxd4 e5 5. Nf3 Nc6 6. Bg5 Qb6 7. b3 Bb4+ 8.
Nbd2 O-O 9. Bxf6 gxf6 10. a3 Bc3 11. Ra2 Na5 12. Qc2 Qxb3 13. Qxb3 Nxb3 14. Rc2
Ba5 15. Rb2 Nc5 16. e3 d6 17. Be2 Be6 18. O-O Rab8 19. Nb3 Bb6 20. Nxc5 Bxc5
21. a4 Rfc8 22. Rc1 Ba3 23. Rbc2 Bxc1 24. Rxc1 d5 25. c5 b6 26. c6 Rc7 27. Ba6
Bc8 28. Bb5 a6 29. Be2 Bb7 30. Nh4 Rxc6 31. Rb1 Bc8 32. a5 b5 33. h3 Be6 34.
Nf3 Rbc8 35. Kh2 Rc2 36. Re1 Ra2 37. Kg3 Rxa5 38. Bf1 Ra2 39. Rb1 Rcc2 40. Ne1
Rxf2 41. Nd3 Rfc2 42. Nb4 Rcb2 43. Rxb2 Rxb2 44. Nxa6 b4 45. Nc5 Rc2 0-1

[Event "18 Torneo San Viator"]
[Site "Madrid ESP"]
[Date "2012.05.20"]
[Round "7.19"]
[White "Garcia Carcedo, Jesus"]
[Black "Lopez Guitian, Juan J"]
[Result "0-1"]
[WhiteElo "1842"]
[BlackElo "1506"]
[PlyCount "52"]
[EventDate "2012.03.25"]
[EventType "swiss"]
[EventRounds "9"]
[EventCountry "ESP"]
[Source "lmi"]
[SourceDate "2012.03.25"]

1. d4 d6 2. Nf3 g6 3. Bf4 Bg7 4. e3 a6 5. h3 b5 6. c3 Bb7 7. Be2 Nd7 8. O-O
Ngf6 9. Nbd2 c5 10. a4 Bc6 11. axb5 axb5 12. Rxa8 Qxa8 13. Qa1 O-O 14. b3 Nd5
15. Qb2 b4 16. c4 Nxf4 17. exf4 cxd4 18. Nxd4 Bxg2 19. Ra1 Qb7 20. Bf3 Bxf3 21.
N2xf3 Qxf3 22. Nxf3 Bxb2 23. Ra7 Rd8 24. Nd2 Bc3 25. Ne4 Kf8 26. Kf1 Bd4 0-1

[Event "18 Torneo San Viator"]
[Site "Madrid ESP"]
[Date "2012.05.20"]
[Round "7.20"]
[White "Rendo Quiros, Pedro"]
[Black "Sierra Soria, Maria"]
[Result "0-1"]
[WhiteElo "1643"]
[BlackElo "1766"]
[PlyCount "86"]
[EventDate "2012.03.25"]
[EventType "swiss"]
[EventRounds "9"]
[EventCountry "ESP"]
[Source "lmi"]
[SourceDate "2012.03.25"]

1. d4 Nf6 2. Nf3 e6 3. c4 d5 4. e3 c5 5. cxd5 Nxd5 6. Nc3 Nf6 7. Be2 Be7 8. O-O
O-O 9. Qc2 a6 10. Rd1 Qc7 11. a4 b6 12. Bd2 Bb7 13. Rac1 Nc6 14. dxc5 Bxc5 15.
Na2 Qe7 16. a5 Rab8 17. axb6 Bxb6 18. Bb4 Nxb4 19. Qb3 Nxa2 20. Qxa2 Rfc8 21.
Qb3 Bc7 22. Qa4 h6 23. Nd4 Be5 24. Nc6 Qe8 25. Bxa6 Bxc6 26. Rxc6 Rxc6 27. Bb5
Ra8 28. Qb4 Rb6 29. Bxe8 Rxb4 30. Bc6 Rc8 31. Bf3 Rxb2 32. h3 Rcb8 33. g4 Rb1
34. Rxb1 Rxb1+ 35. Kg2 Kf8 36. Bc6 Nd5 37. Ba4 Rb2 38. Kf3 Nc3 39. Bc6 Ke7 40.
h4 Kd6 41. Be8 Nd1 42. Bxf7 Rxf2+ 43. Ke4 Rxf7 0-1

[Event "18 Torneo San Viator"]
[Site "Madrid ESP"]
[Date "2012.05.20"]
[Round "7.21"]
[White "Moreno Zamora, Gregorio"]
[Black "Mateos Cordero, Francisco"]
[Result "0-1"]
[WhiteElo "1760"]
[BlackElo "1491"]
[PlyCount "76"]
[EventDate "2012.03.25"]
[EventType "swiss"]
[EventRounds "9"]
[EventCountry "ESP"]
[Source "lmi"]
[SourceDate "2012.03.25"]

1. d4 d5 2. c4 c6 3. Nc3 Nf6 4. Nf3 Bf5 5. Bf4 e6 6. e3 Bb4 7. Qb3 Qa5 8. Rc1
Ne4 9. Be2 c5 10. O-O Bxc3 11. bxc3 Qb6 12. cxd5 Qxb3 13. axb3 exd5 14. Rfd1
cxd4 15. Nxd4 Be6 16. Bxb8 Rxb8 17. Bb5+ Ke7 18. Bd3 Nd6 19. Ra1 a6 20. Rdc1
Rhc8 21. Kf1 Rc7 22. Ke1 Rbc8 23. Kd2 h6 24. f3 f5 25. Rc2 g6 26. h4 Bf7 27.
Rg1 Be8 28. h5 Kf6 29. hxg6 Bxg6 30. g4 Re8 31. Rcc1 Rce7 32. Rce1 f4 33. Bxg6
fxe3+ 34. Kd3 Kxg6 35. Nc2 e2 36. Rg2 Nb5 37. c4 dxc4+ 38. bxc4 Rd7+ 0-1

[Event "18 Torneo San Viator"]
[Site "Madrid ESP"]
[Date "2012.05.20"]
[Round "7.22"]
[White "Cazorla Munoz, Francisco"]
[Black "Vazquez Cabeza, Isaac"]
[Result "1-0"]
[WhiteElo "1755"]
[BlackElo "1471"]
[PlyCount "77"]
[EventDate "2012.03.25"]
[EventType "swiss"]
[EventRounds "9"]
[EventCountry "ESP"]
[Source "lmi"]
[SourceDate "2012.03.25"]

1. d4 Nf6 2. c4 d6 3. Nc3 g6 4. Nf3 Bg7 5. e3 O-O 6. Bd3 Bg4 7. h3 Be6 8. Qc2
c5 9. d5 Bd7 10. b3 Qa5 11. Bd2 Qb6 12. O-O Na6 13. a3 Nc7 14. b4 cxb4 15. axb4
Rfb8 16. e4 Na6 17. Be3 Qc7 18. Rfb1 e6 19. Nd4 exd5 20. exd5 Nh5 21. g4 Nf4
22. Bf1 Be5 23. Qd2 g5 24. Nf3 Bxc3 25. Qxc3 Nxd5 26. Qd2 Nxe3 27. Qxe3 b6 28.
Qb3 Rc8 29. Rd1 Be6 30. Rac1 b5 31. Qa3 Nb8 32. cxb5 Qb6 33. Rxc8+ Bxc8 34. Qd3
Bb7 35. Bg2 Kg7 36. Qxd6 Qxb5 37. Nd4 Qa4 38. Nf5+ Kg8 39. Bxb7 1-0

[Event "18 Torneo San Viator"]
[Site "Madrid ESP"]
[Date "2012.05.20"]
[Round "7.23"]
[White "Gutierrez Mordini, Pablo"]
[Black "Rasillo Fuentes, Raul"]
[Result "1-0"]
[WhiteElo "1735"]
[BlackElo "1653"]
[PlyCount "83"]
[EventDate "2012.03.25"]
[EventType "swiss"]
[EventRounds "9"]
[EventCountry "ESP"]
[Source "lmi"]
[SourceDate "2012.03.25"]

1. d4 g6 2. c4 Bg7 3. Nc3 Nf6 4. b4 O-O 5. Bb2 d6 6. Nf3 c5 7. dxc5 dxc5 8.
Qxd8 Rxd8 9. bxc5 Nc6 10. e3 Nb4 11. Rc1 Bf5 12. Nd4 Nd3+ 13. Bxd3 Bxd3 14.
Nce2 Ne4 15. Ba3 e5 16. Nb3 Bf8 17. f3 Nf6 18. e4 b6 19. Rc3 Bb1 20. Nec1 bxc5
21. Bxc5 Bxc5 22. Nxc5 Rab8 23. N5b3 Rd6 24. c5 Ra6 25. O-O Bxa2 26. c6 Ne8 27.
Nxa2 Rxa2 28. Rd1 Rc8 29. Rd5 f6 30. Ra5 Rxa5 31. Nxa5 Kf7 32. Kf2 Nd6 33. Rb3
Ke6 34. Ke2 f5 35. Kd3 Rd8 36. Ke3 f4+ 37. Ke2 g5 38. Rd3 h5 39. h3 Ke7 40. Rd5
Nf7 41. Nb7 Rc8 42. Rd7+ 1-0

[Event "18 Torneo San Viator"]
[Site "Madrid ESP"]
[Date "2012.05.20"]
[Round "7.24"]
[White "Franco Rincon, David"]
[Black "Escanciano Reyero, Daniel"]
[Result "1-0"]
[WhiteElo "1696"]
[BlackElo "1756"]
[PlyCount "63"]
[EventDate "2012.03.25"]
[EventType "swiss"]
[EventRounds "9"]
[EventCountry "ESP"]
[Source "lmi"]
[SourceDate "2012.03.25"]

1. e4 e6 2. d4 d5 3. exd5 exd5 4. Bd3 Nf6 5. Nf3 Bg4 6. O-O Nc6 7. c3 Be7 8.
Bg5 O-O 9. Nbd2 Re8 10. Qc2 g6 11. Rfe1 Nh5 12. Bxe7 Nxe7 13. h3 Bf5 14. Bxf5
Nxf5 15. g4 Rxe1+ 16. Rxe1 Nf4 17. gxf5 Nxh3+ 18. Kh2 Nf4 19. Nf1 Qd6 20. Ng3
g5 21. Rh1 Re8 22. Ne5 f6 23. Nf3 h5 24. Re1 Rf8 25. Kg1 h4 26. Nf1 Kf7 27.
N1h2 Rh8 28. Ng4 Nh3+ 29. Kh1 Qf4 30. Qe2 Qxf5 31. Nh6+ Rxh6 32. Qe8+ 1-0

[Event "18 Torneo San Viator"]
[Site "Madrid ESP"]
[Date "2012.05.20"]
[Round "7.25"]
[White "Gil Calvente, Jose Antonio"]
[Black "Ore Leon, Gustavo"]
[Result "0-1"]
[WhiteElo "1677"]
[BlackElo "1708"]
[PlyCount "83"]
[EventDate "2012.03.25"]
[EventType "swiss"]
[EventRounds "9"]
[EventCountry "ESP"]
[Source "lmi"]
[SourceDate "2012.03.25"]

1. e4 c5 2. Nf3 d6 3. d4 cxd4 4. Nxd4 Nf6 5. Nc3 a6 6. Be3 e6 7. f3 Qc7 8. Qd2
b5 9. O-O-O Bb7 10. Bxb5+ axb5 11. Ndxb5 Qc6 12. Nxd6+ Bxd6 13. Qxd6 Qxd6 14.
Rxd6 Ra6 15. Rhd1 Rxd6 16. Rxd6 Nbd7 17. b3 Ke7 18. Rd2 Rc8 19. Kb2 Ne8 20. a4
Ba6 21. f4 Nd6 22. e5 Nf5 23. Bg1 h5 24. Ne4 Bb7 25. Nd6 Nxd6 26. exd6+ Kd8 27.
c4 Rc6 28. Kc3 Nf6 29. Rd4 Kd7 30. b4 Rxd6 31. Rxd6+ Kxd6 32. Kd4 Bxg2 33. c5+
Kc7 34. b5 Nd7 35. c6 Bxc6 36. bxc6 Kxc6 37. Kc4 Nf6 38. a5 Nd5 39. a6 Nxf4 40.
a7 Kb7 41. Be3 Nd5 42. Kb5 0-1

[Event "18 Torneo San Viator"]
[Site "Madrid ESP"]
[Date "2012.05.20"]
[Round "7.29"]
[White "Perez Perez, Elena"]
[Black "Garcia Rojas, Juan Carlos"]
[Result "1-0"]
[WhiteElo "1709"]
[BlackElo "1555"]
[PlyCount "127"]
[EventDate "2012.03.25"]
[EventType "swiss"]
[EventRounds "9"]
[EventCountry "ESP"]
[Source "lmi"]
[SourceDate "2012.03.25"]

1. e4 e5 2. Nf3 Nc6 3. Bc4 Be7 4. d3 Nf6 5. c3 d5 6. exd5 Nxd5 7. Qb3 Be6 8.
Qxb7 Na5 9. Bb5+ Kf8 10. Qa6 c5 11. Bc6 Bc8 12. Qb5 Rb8 13. Qxb8 Nxc6 14. Qb3
Be6 15. Qd1 f6 16. O-O Kf7 17. Na3 Rf8 18. Nc4 Nc7 19. Ne3 f5 20. Qc2 f4 21.
Nc4 Bf6 22. Qe2 Qd5 23. Re1 e4 24. Qxe4 Qxe4 25. Rxe4 g5 26. Nfe5+ Nxe5 27.
Nxe5+ Bxe5 28. Rxe5 Re8 29. Kf1 f3 30. Rxg5 fxg2+ 31. Kxg2 Bd5+ 32. Kg3 Re1 33.
b3 h6 34. Rh5 Rg1+ 35. Kf4 Ne6+ 36. Ke5 Bf3 37. Rf5+ Kg6 38. Rxf3 Re1+ 39. Kd6
Ng5 40. Re3 Rf1 41. h4 Nf7+ 42. Kxc5 Rxf2 43. Re6+ Kh5 44. Be3 Rf5+ 45. Kb4 a5+
46. Ka4 Rf3 47. d4 Rf5 48. c4 Rf3 49. c5 Rh3 50. c6 Rh2 51. Kxa5 Rc2 52. d5 Nd8
53. Rxh6+ Kg4 54. Bb6 Nf7 55. Rf6 Ne5 56. Rg1+ Kh3 57. a4 Rc3 58. Kb4 Rc2 59.
Kb5 Rc3 60. b4 Rc2 61. Rf8 Nc4 62. Rfg8 Nd6+ 63. Ka6 Rc4 64. Rh1# 1-0

[Event "18 Torneo San Viator"]
[Site "Madrid ESP"]
[Date "2012.05.20"]
[Round "7.30"]
[White "Perez Mondejar, Adler"]
[Black "Sierra Bermejo, Gregorio"]
[Result "0-1"]
[WhiteElo "1423"]
[BlackElo "1677"]
[PlyCount "52"]
[EventDate "2012.03.25"]
[EventType "swiss"]
[EventRounds "9"]
[EventCountry "ESP"]
[Source "lmi"]
[SourceDate "2012.03.25"]

1. e4 c5 2. c3 Nf6 3. e5 Nd5 4. d4 e6 5. Nf3 Nc6 6. Bd3 h6 7. O-O Qb6 8. c4
Ndb4 9. dxc5 Bxc5 10. a3 Nxd3 11. Qxd3 a5 12. Nc3 Qc7 13. Nb5 Qb8 14. Re1 b6
15. Bf4 O-O 16. Rad1 Ne7 17. Qd2 Nf5 18. b4 Be7 19. Rc1 axb4 20. axb4 Ra4 21.
Rb1 Qb7 22. Rec1 Qc6 23. Nfd4 Nxd4 24. Qxd4 Bb7 25. f3 Rxb4 26. Rxb4 Bc5 0-1

[Event "18 Torneo San Viator"]
[Site "Madrid ESP"]
[Date "2012.05.20"]
[Round "7.31"]
[White "Yaniz Lana, Francisco Javier"]
[Black "Carballido Mateo, Ignacio"]
[Result "1-0"]
[WhiteElo "1664"]
[BlackElo "1395"]
[PlyCount "57"]
[EventDate "2012.03.25"]
[EventType "swiss"]
[EventRounds "9"]
[EventCountry "ESP"]
[Source "lmi"]
[SourceDate "2012.03.25"]

1. d4 Nf6 2. Bf4 d6 3. Nf3 g6 4. e3 Bg7 5. Be2 c5 6. c3 O-O 7. O-O Bf5 8. Nbd2
b6 9. Nh4 Bc8 10. Bf3 d5 11. e4 Bb7 12. e5 Ne4 13. Re1 f5 14. exf6 Rxf6 15. Be5
Nxd2 16. Bxf6 Nxf3+ 17. Nxf3 exf6 18. Qe2 Nc6 19. Qe6+ Kf8 20. Rad1 c4 21. Qh3
Kg8 22. Re6 Bc8 23. Rde1 Bxe6 24. Qxe6+ Kf8 25. Qxc6 Rc8 26. Qe6 Rc7 27. Qh3 h6
28. Nh4 Kf7 29. Qe6+ 1-0

[Event "18 Torneo San Viator"]
[Site "Madrid ESP"]
[Date "2012.05.20"]
[Round "7.32"]
[White "Andres Rodriguez, Florencio"]
[Black "Zumel Zea, Javier"]
[Result "1/2-1/2"]
[WhiteElo "1583"]
[BlackElo "1617"]
[PlyCount "40"]
[EventDate "2012.03.25"]
[EventType "swiss"]
[EventRounds "9"]
[EventCountry "ESP"]
[Source "lmi"]
[SourceDate "2012.03.25"]

1. d4 d5 2. c4 e6 3. Nc3 Nf6 4. e3 c6 5. Nf3 Nbd7 6. Bd3 dxc4 7. Bxc4 b5 8. Be2
a6 9. a4 Bb7 10. O-O b4 11. Na2 a5 12. b3 Bd6 13. h3 O-O 14. Bb2 Re8 15. Nc1
Ne4 16. Qc2 Ndf6 17. Nd3 Rc8 18. Nc5 Nxc5 19. dxc5 Bb8 20. Rfd1 Qe7 1/2-1/2

[Event "18 Torneo San Viator"]
[Site "Madrid ESP"]
[Date "2012.05.20"]
[Round "7.34"]
[White "Herreros Lucas, Jose L"]
[Black "Algaba Traspuesto, Jose Antonio"]
[Result "1/2-1/2"]
[WhiteElo "1545"]
[BlackElo "1674"]
[PlyCount "89"]
[EventDate "2012.03.25"]
[EventType "swiss"]
[EventRounds "9"]
[EventCountry "ESP"]
[Source "lmi"]
[SourceDate "2012.03.25"]

1. d4 Nf6 2. c4 e5 3. dxe5 Ng4 4. Nf3 Bc5 5. e3 Nc6 6. Be2 Ncxe5 7. Nc3 a6 8.
O-O O-O 9. e4 Nxf3+ 10. Bxf3 Ne5 11. Re1 Qf6 12. Be3 Nxf3+ 13. Qxf3 Qxf3 14.
gxf3 Bxe3 15. Rxe3 d6 16. f4 Be6 17. b3 Rad8 18. f5 Bc8 19. Rg3 f6 20. Kh1 Rd7
21. Rag1 b6 22. Ne2 Bb7 23. f3 Rff7 24. Nf4 c6 25. Rd1 d5 26. cxd5 cxd5 27.
exd5 Rfe7 28. Nh5 Kf8 29. Nf4 Re5 30. Rh3 Kg8 31. Rh5 Bxd5 32. Nxd5 Rdxd5 33.
Rxd5 Rxd5 34. Rh4 Rd1+ 35. Kg2 Rd2+ 36. Kg3 Rxa2 37. Rb4 b5 38. Re4 Kf7 39. h4
Rb2 40. b4 Rc2 41. Re6 Rc4 42. Rxa6 Rxb4 43. Ra7+ Kg8 44. Ra8+ Kf7 45. Ra7+
1/2-1/2

[Event "18 Torneo San Viator"]
[Site "Madrid ESP"]
[Date "2012.05.20"]
[Round "7.41"]
[White "San Felipe Gonzalez, Tomas"]
[Black "Cujba, Anca-Claudia"]
[Result "0-1"]
[WhiteElo "1801"]
[BlackElo "1859"]
[PlyCount "78"]
[EventDate "2012.03.25"]
[EventType "swiss"]
[EventRounds "9"]
[EventCountry "ESP"]
[Source "lmi"]
[SourceDate "2012.03.25"]

1. d4 Nf6 2. c4 g6 3. Nc3 Bg7 4. e4 d6 5. Be3 Ng4 6. Bg5 h6 7. Bh4 Nc6 8. f3
Ne3 9. Qd2 Nxf1 10. Kxf1 Nxd4 11. Nge2 Nxe2 12. Kxe2 c6 13. Rhd1 g5 14. Bf2 O-O
15. h4 g4 16. Qf4 f5 17. e5 Qe8 18. exd6 exd6+ 19. Kf1 Qe5 20. Qd2 gxf3 21.
gxf3 Qh2 22. Ke2 Re8+ 23. Kd3 f4 24. Kc2 Bf5+ 25. Kb3 Qg2 26. Rg1 Qxf3 27. Raf1
Qh5 28. Qxd6 Re6 29. Qxf4 Kh7 30. Qc7 Rg6 31. Qxb7 Rg8 32. Rxg6 Qxg6 33. Bd4
Bc2+ 34. Ka3 Qd6+ 35. c5 Qxd4 36. Qxc6 Bf8 37. Qb7+ Kh8 38. b3 Qxc3 39. Ka4
Rg4+ 0-1

[Event "18 Torneo San Viator"]
[Site "Madrid ESP"]
[Date "2012.05.27"]
[Round "8.1"]
[White "De La Horra Del Barco, Ricardo"]
[Black "Vallejo Nuno, Jorge"]
[Result "1-0"]
[WhiteElo "2055"]
[BlackElo "2068"]
[PlyCount "89"]
[EventDate "2012.03.25"]
[EventType "swiss"]
[EventRounds "9"]
[EventCountry "ESP"]
[Source "lmi"]
[SourceDate "2012.03.25"]

1. Nf3 Nf6 2. g3 b6 3. Bg2 Bb7 4. O-O e6 5. d4 Be7 6. c4 O-O 7. Nc3 Ne4 8. Qc2
Nxc3 9. Qxc3 d6 10. Rd1 Nd7 11. Bf4 Nf6 12. Rac1 Ne4 13. Qc2 Qc8 14. h4 f5 15.
Qb3 Kh8 16. Ng5 Nxg5 17. hxg5 c5 18. dxc5 dxc5 19. Bxb7 Qxb7 20. Qe3 Qc6 21.
Rd2 Rad8 22. Rcd1 Rxd2 23. Qxd2 Qa8 24. Qe3 Qc6 25. Qd3 Qa8 26. Qa3 Kg8 27. Qe3
Kf7 28. Be5 Rd8 29. Rxd8 Qxd8 30. f4 Qd7 31. Qf3 g6 32. Qa8 Bf8 33. Qf3 Bg7 34.
Bxg7 Kxg7 35. Qc3+ Qd4+ 36. Qxd4+ cxd4 37. Kf2 Kf7 38. e3 dxe3+ 39. Kxe3 Ke7
40. Kd4 a5 41. Ke5 a4 42. b3 axb3 43. axb3 Kd7 44. Kf6 Kd6 45. Kg7 1-0

[Event "18 Torneo San Viator"]
[Site "Madrid ESP"]
[Date "2012.05.27"]
[Round "8.2"]
[White "Aguado Solana, Juan"]
[Black "Bermejo Redondo, Oscar"]
[Result "0-1"]
[WhiteElo "2060"]
[BlackElo "1883"]
[PlyCount "68"]
[EventDate "2012.03.25"]
[EventType "swiss"]
[EventRounds "9"]
[EventCountry "ESP"]
[Source "lmi"]
[SourceDate "2012.03.25"]

1. b3 d5 2. Bb2 c5 3. e3 Nc6 4. f4 Nf6 5. Nf3 Bg4 6. Be2 e6 7. O-O Be7 8. Qe1
O-O 9. Qh4 Bxf3 10. Rxf3 Ne8 11. Qh5 g6 12. Qh6 f6 13. g4 Rf7 14. Nc3 Bf8 15.
Qh4 f5 16. g5 h5 17. Rh3 Rh7 18. Bf3 Bg7 19. Ba3 Qa5 20. Bb2 b5 21. a4 b4 22.
Nd1 Bxb2 23. Nxb2 Nd6 24. d3 Qb6 25. Re1 Rc8 26. Qf2 c4 27. e4 Qxf2+ 28. Kxf2
cxb3 29. exd5 Nd4 30. Nc4 Nxc4 31. dxc4 bxc2 32. dxe6 b3 33. e7 Rxe7 34. Rxe7
Nxf3 0-1

[Event "18 Torneo San Viator"]
[Site "Madrid ESP"]
[Date "2012.05.27"]
[Round "8.3"]
[White "Lobato Rivero, Carlos"]
[Black "Perez Calahorra, Ricardo"]
[Result "0-1"]
[WhiteElo "1958"]
[BlackElo "2158"]
[PlyCount "72"]
[EventDate "2012.03.25"]
[EventType "swiss"]
[EventRounds "9"]
[EventCountry "ESP"]
[Source "lmi"]
[SourceDate "2012.03.25"]

1. e4 c5 2. c3 Nf6 3. d3 Nc6 4. f4 d6 5. Nf3 g6 6. Be3 Ng4 7. Bg1 Bg7 8. h3 Nf6
9. g4 b5 10. Bg2 Rb8 11. Nbd2 Qc7 12. Be3 a5 13. O-O b4 14. c4 Bxg4 15. e5 dxe5
16. hxg4 Nxg4 17. Bxc5 exf4 18. Re1 O-O 19. Rb1 Rbd8 20. Ne4 h6 21. Qe2 f5 22.
Nf2 Nce5 23. Nxe5 Qxc5 24. Nexg4 fxg4 25. Qxg4 Rxd3 26. Qxg6 Rg3 27. Qe6+ Kh8
28. Kf1 f3 29. Bh3 Rg2 30. Re3 Qg5 31. Ng4 Rg3 32. Qxe7 Rxh3 33. Qxg5 hxg5 34.
Nf2 Rh2 35. Kg1 Rg2+ 36. Kf1 Bd4 0-1

[Event "18 Torneo San Viator"]
[Site "Madrid ESP"]
[Date "2012.05.27"]
[Round "8.4"]
[White "Gomez Dorado, Ernesto"]
[Black "Cabanas Bravo, Juan Andres"]
[Result "1/2-1/2"]
[WhiteElo "1648"]
[BlackElo "2092"]
[PlyCount "76"]
[EventDate "2012.03.25"]
[EventType "swiss"]
[EventRounds "9"]
[EventCountry "ESP"]
[Source "lmi"]
[SourceDate "2012.03.25"]

1. e4 e5 2. Nf3 Nc6 3. Bb5 Qf6 4. Nc3 Bc5 5. Nd5 Qd6 6. c3 Nge7 7. d4 exd4 8.
Bf4 Qg6 9. Nxc7+ Kd8 10. O-O Qxe4 11. Bg3 dxc3 12. bxc3 Rb8 13. Bd3 Qg4 14. Qb3
d6 15. Nb5 Be6 16. Qc2 Kd7 17. Rad1 Nc8 18. Be2 Qg6 19. Qd2 Ke7 20. Nxd6 Rd8
21. Nxc8+ Rbxc8 22. Qb2 b6 23. Ba6 Rxd1 24. Rxd1 Rd8 25. Bh4+ f6 26. Re1 Kf7
27. Bb7 Na5 28. Be4 Qh6 29. Bg3 f5 30. Bb1 f4 31. Bh4 Rd5 32. Qe2 Bd7 33. Ne5+
Rxe5 34. Qxe5 Qxh4 35. Qd5+ Kf8 36. Qa8+ Kf7 37. Qd5+ Kf6 38. Qe5+ Kf7 1/2-1/2

[Event "18 Torneo San Viator"]
[Site "Madrid ESP"]
[Date "2012.05.27"]
[Round "8.5"]
[White "Munoz Manzano, Jose Manuel"]
[Black "Julian Serra, Rogelio"]
[Result "0-1"]
[WhiteElo "1911"]
[BlackElo "2042"]
[PlyCount "50"]
[EventDate "2012.03.25"]
[EventType "swiss"]
[EventRounds "9"]
[EventCountry "ESP"]
[Source "lmi"]
[SourceDate "2012.03.25"]

1. d4 Nf6 2. c4 e5 3. dxe5 Ng4 4. Nf3 Nc6 5. Bf4 Bb4+ 6. Nbd2 f6 7. a3 fxe5 8.
Nxe5 Bxd2+ 9. Qxd2 Ngxe5 10. Bg5 Ne7 11. Qd4 d6 12. f4 Nf7 13. Qxg7 Bf5 14.
O-O-O Qd7 15. e4 Rg8 16. Qf6 Nxg5 17. exf5 Ne4 18. Qd4 Nc5 19. Qe3 Qxf5 20. Re1
Rg7 21. g4 Qxg4 22. Bh3 Qxf4 23. Rhf1 Nd3+ 24. Kd2 Qxe3+ 25. Rxe3 Ne5 0-1

[Event "18 Torneo San Viator"]
[Site "Madrid ESP"]
[Date "2012.05.27"]
[Round "8.6"]
[White "Magan Gonzalez, Alberto"]
[Black "Noval Toldos, Francisco Javier"]
[Result "1/2-1/2"]
[WhiteElo "1828"]
[BlackElo "1977"]
[PlyCount "60"]
[EventDate "2012.03.25"]
[EventType "swiss"]
[EventRounds "9"]
[EventCountry "ESP"]
[Source "lmi"]
[SourceDate "2012.03.25"]

1. e4 c5 2. Nf3 e6 3. d4 cxd4 4. Nxd4 Nc6 5. Nc3 Nf6 6. Be2 Bb4 7. Bf3 Qa5 8.
O-O Ne5 9. Ndb5 O-O 10. Bf4 Bxc3 11. Nxc3 Nxf3+ 12. Qxf3 d5 13. e5 Nd7 14. Qg3
f6 15. Rfe1 fxe5 16. Bxe5 Nxe5 17. Rxe5 Qb4 18. b3 Bd7 19. Rd1 Rac8 20. Rd3 d4
21. Nd1 Rxc2 22. h4 Rxa2 23. Rg5 Rf7 24. Qb8+ Qf8 25. Qe5 Rf5 26. Rxf5 Qxf5 27.
Qxd4 Qd5 28. Qc3 Qc6 29. Qd4 Qd5 30. Qc3 Qc6 1/2-1/2

[Event "18 Torneo San Viator"]
[Site "Madrid ESP"]
[Date "2012.05.27"]
[Round "8.7"]
[White "Cuadrado Lopez, Francisco Javie"]
[Black "Rosa Ramirez, Victor D"]
[Result "1-0"]
[WhiteElo "1970"]
[BlackElo "1966"]
[PlyCount "123"]
[EventDate "2012.03.25"]
[EventType "swiss"]
[EventRounds "9"]
[EventCountry "ESP"]
[Source "lmi"]
[SourceDate "2012.03.25"]

1. b3 e5 2. Bb2 Nc6 3. e3 Bb4 4. Nf3 d6 5. a3 Ba5 6. b4 Bb6 7. Bb5 a6 8. Ba4
Bg4 9. h3 Bh5 10. d3 Nge7 11. Nbd2 O-O 12. O-O f5 13. Qe1 Kh8 14. Bb3 Ng6 15.
Nh2 f4 16. Nc4 Ba7 17. e4 f3 18. Bc1 Nd4 19. g3 Qd7 20. g4 Ne2+ 21. Kh1 Ngf4
22. Bxf4 Rxf4 23. Ne3 Bg6 24. Nxf3 Rxf3 25. Qxe2 Raf8 26. Kg2 R3f4 27. f3 c6
28. c3 Qd8 29. Kg3 h5 30. Ng2 Bf7 31. Bc2 Rf6 32. Rh1 Be6 33. Raf1 g5 34. Ne3
h4+ 35. Kg2 R6f7 36. Nf5 Bxf5 37. exf5 Re8 38. Qd2 d5 39. Bb3 Rg7 40. Rd1 Qd6
41. Qe1 Rge7 42. Bc2 Kg7 43. Rd2 Kf6 44. c4 Bd4 45. Re2 Bb2 46. c5 Qc7 47. Bb1
Bd4 48. Rf1 Qb8 49. Ba2 Qc7 50. Bb3 Rb8 51. Ba2 b6 52. cxb6 Bxb6 53. Rc2 Qd6
54. Qc3 Rc7 55. Re2 Re7 56. Rc1 Rc7 57. Qe1 Re7 58. f4 exf4 59. Rxe7 f3+ 60.
Kxf3 Qxe7 61. Rxc6+ Kf7 62. Bxd5+ 1-0

[Event "18 Torneo San Viator"]
[Site "Madrid ESP"]
[Date "2012.05.27"]
[Round "8.8"]
[White "Fernandez Garcia, Javier"]
[Black "Sanchez Lopez, Maria"]
[Result "1-0"]
[WhiteElo "2006"]
[BlackElo "1799"]
[PlyCount "59"]
[EventDate "2012.03.25"]
[EventType "swiss"]
[EventRounds "9"]
[EventCountry "ESP"]
[Source "lmi"]
[SourceDate "2012.03.25"]

1. d4 Nf6 2. Nf3 g6 3. Nc3 Bg7 4. e4 d6 5. Be3 O-O 6. Qd2 d5 7. e5 Ne4 8. Nxe4
dxe4 9. Ng5 c5 10. c3 Bf5 11. h3 cxd4 12. cxd4 Qd5 13. g4 h6 14. gxf5 hxg5 15.
fxg6 fxg6 16. Rc1 e6 17. Bc4 Qd7 18. Rg1 Nc6 19. Rxg5 Ne7 20. Rg4 Rf3 21. Bh6
Rxh3 22. Bxg7 e3 23. fxe3 Kxg7 24. Bf1 Rh1 25. Qg2 Rah8 26. Qf3 Ng8 27. Rf4 Rg1
28. Kf2 Rhh1 29. Rf8 Nh6 30. Qf6+ 1-0

[Event "18 Torneo San Viator"]
[Site "Madrid ESP"]
[Date "2012.05.27"]
[Round "8.9"]
[White "Rodriguez Diaz, Alberto Jose"]
[Black "Rodriguez Varela, Alvaro"]
[Result "1-0"]
[WhiteElo "1979"]
[BlackElo "1751"]
[PlyCount "47"]
[EventDate "2012.03.25"]
[EventType "swiss"]
[EventRounds "9"]
[EventCountry "ESP"]
[Source "lmi"]
[SourceDate "2012.03.25"]

1. e4 e5 2. Nf3 Nc6 3. Bc4 Nf6 4. d3 Bb4+ 5. c3 Be7 6. O-O O-O 7. Bg5 d6 8.
Nbd2 Na5 9. Bb5 Bd7 10. Bxd7 Qxd7 11. d4 Nc6 12. d5 Na5 13. b4 h6 14. Bxf6 gxf6
15. Nh4 Kh7 16. Nf5 Rg8 17. bxa5 Rg6 18. Qh5 Rag8 19. g3 Bf8 20. Nf3 Qa4 21.
N5h4 R6g7 22. Qf5+ Kh8 23. Qxf6 Kh7 24. Nf5 1-0